000 004540000a22001690004500
003 MACL
005 20151222170447.0
008 151222b xxu||||| |||| 00| 0 eng d
040 _aMACL
_cMACL
041 _aEnglish
082 _a749/FIS
100 _aFisher, Rosie
_922259
245 _aPainting Furniture
_bA Practical Guide
260 _bLittle Brown and Company
_c1994
_aItaly
650 _aFurniture & Accessories
_921465
942 _cBK
_k749/FIS
_2ddc
999 _c40135
_d40135